[Event "Benasque op 42nd"]
[Site "Benasque"]
[Date "2023.07.05"]
[Round "1"]
[White "Costa Iniesta, Prudencio"]
[Black "Prraneeth, Vuppala"]
[Result "0-1"]
[WhiteElo "1825"]
[BlackElo "2486"]
[PlyCount "82"]
[EventDate "2023.07.05"]
[EventType "swiss"]
[EventRounds "9"]
[EventCountry "ESP"]
[SourceTitle "EXT 2024"]
[Source "ChessBase"]
[SourceDate "2023.10.10"]
[SourceVersion "1"]
[SourceVersionDate "2023.10.10"]
[SourceQuality "1"]

1. d4 d5 2. Nf3 Nf6 3. g3 c5 4. Bg2 cxd4 5. 0-0 h6 6. Bf4 e6 7. Nxd4 Nbd7 8. Nf3 g5 9. Bd2 Ne4 10. Nc3 Nd6 11. Re1 Bg7 12. e4 d4 13. Ne2 Qb6 14. Nexd4 g4 15. Be3 Nc4 16. Nh4 Nxe3 17. fxe3 Nc5 18. Qe2 Bd7 19. a4 0-0 20. a5 Qxb2 21. Rab1 Qc3 22. Rxb7 Qxa5 23. Rd1 Rfc8 24. Rxd7 Nxd7 25. Nxe6 fxe6 26. Rxd7 Qg5 27. e5 Rd8 28. Rxg7+ Kxg7 29. Bxa8 Rxa8 30. Ng2 a5 31. Nf4 Kh8 32. Nxe6 Qg8 33. Nc7 Rf8 34. Qa6 Qf7 35. Qxh6+ Kg8 36. Qg5+ Qg7 37. Qxg7+ Kxg7 38. e6 Rc8 39. e7 Kf7 40. Nd5 Rxc2 41. Kf1 a4 0-1

[Event "ESP-ch U18"]
[Site "Salobrena"]
[Date "2022.08.01"]
[Round "1"]
[White "Ingunza Curro, Andres"]
[Black "Costa Iniesta, Prudencio"]
[Result "1-0"]
[WhiteElo "2370"]
[BlackElo "1838"]
[PlyCount "113"]
[EventDate "2022.08.01"]
[EventType "swiss"]
[EventRounds "9"]
[EventCountry "ESP"]
[SourceTitle "EXT 2023"]
[Source "ChessBase"]
[SourceDate "2022.10.05"]
[SourceVersion "1"]
[SourceVersionDate "2022.10.05"]
[SourceQuality "1"]

1. e4 a6 2. d4 b5 3. Bd3 Bb7 4. Qe2 e6 5. Nf3 c5 6. dxc5 Bxc5 7. a4 b4 8. Nbd2 Ne7 9. 0-0 0-0 10. e5 Ng6 11. Nc4 d5 12. exd6 Bxd6 13. Rd1 Bd5 14. c3 bxc3 15. bxc3 Nf4 16. Bxf4 Bxf4 17. Nce5 Bxe5 18. Nxe5 Qg5 19. Be4 Bxe4 20. Qxe4 Ra7 21. Rab1 Rc7 22. f4 Qe7 23. Qb4 Qc5+ 24. Qxc5 Rxc5 25. Rd6 Rxc3 26. Rdb6 Rcc8 27. a5 f6 28. Nf3 Nd7 29. Rxa6 Nc5 30. Rab6 Ra8 31. R1b5 Nd3 32. g3 Rfe8 33. Rd6 e5 34. Rxd3 e4 35. Re3 exf3 36. Kf2 Rec8 37. Kxf3 Rc2 38. Ra3 Rc6 39. Rab3 Kf7 40. h4 Rca6 41. Ra3 R8a7 42. Ke4 Ke6 43. Kd4 Kd6 44. Kc4 Rc6+ 45. Kb4 g6 46. Rd3+ Kc7 47. Rc3 Rxc3 48. Kxc3 Ra6 49. Kc4 Re6 50. Rb3 h6 51. Rb6 Re3 52. Rxf6 Rxg3 53. Kd5 g5 54. hxg5 hxg5 55. Rf7+ Kd8 56. a6 Ke8 57. Rb7 1-0